00675nam a22001697a 450000500170000000800410001702000150005805000210007310000250009424501070011924600840022625000110031026000530032130000280037450000210040265000820042320250716094345.0150825b ag ||||| |||| 00| 0 spa d a950200655004aKHA152bF35 19921 aFalcón, Enrique M.10aQué es la informática jurídica b : del abaco al derecho informático c / Enrique M. Falcón.10a¿Qué es la informática jurídica?b : del abaco al derecho informático  a1a ed. aBuenos Aires, Argentina :bAbeledo-Perrot,c1992 a197 p. :bil. ;c23 cm. aIncluye índice 72lembaSistemas de almacenamiento y recuperación de informaciónzArgentina